书目信息 |
| 题名: |
三维动画特效
|
|
| 作者: | 李铁 , 刘配团 编著 | |
| 分册: | ||
| 出版信息: | 2007.06 |
|
| 页数: | 325页 | |
| 开本: | 26cm | |
| 丛书名: | ||
| 单 册: | ||
| 中图分类: | TP391.41 | |
| 科图分类: | ||
| 主题词: | 计算机应用 | |
| 电子资源: | ||
| ISBN: | 978-7-81082-974-8 | |
| 000 | 00581nam0 2200205 450 | |
| 001 | 0853282393 | |
| 005 | 20080305100359.17 | |
| 010 | @a978-7-81082-974-8@dCNY34.00 | |
| 100 | @a20080303d2007 km y0chiy0120 ea | |
| 101 | 0 | @achi |
| 200 | 1 | @a三维动画特效@Asan wei dong hua te xiao@e3DS MAX 9@f李铁,刘配团编著@Fli tie,liu pei tuan bian zhu |
| 210 | @d2007.06 | |
| 215 | @a325页@d26cm | |
| 517 | 1 | @a3DS MAX 9 |
| 606 | 0 | @a计算机应用 |
| 690 | @aTP391.41@v4 | |
| 701 | 0 | @a李铁@Ali tie@4编著 |
| 701 | 0 | @a刘配团@Aliu pei tuan@4编著 |
| 801 | 0 | @aCN@c20080305 |
| 905 | @dTP391.41@eL2713 | |
| 三维动画特效:3DS MAX 9/李铁,刘配团编著.-2007.06 |
| 325页;26cm |
| ISBN 978-7-81082-974-8:CNY34.00 |
| ● |
| 相关链接 |
|
|
|
正题名:三维动画特效
索取号:TP391.41/L2713
 
预约/预借
| 序号 | 登录号 | 条形码 | 馆藏地/架位号 | 状态 | 备注 |
| 1 | 479796 | 204797960 | 计算机与数据科学学院资料室/ [索取号:TP391.41/L2713] | 在馆 |